Countries that end with A - Statistics

General Stats
  • This quiz has been taken 34 times
  • The average score is 50 of 73
Answer Stats
Answer % Correct
Algeria
91%
Australia
87%
Canada
87%
China
87%
India
87%
Slovakia
87%
Slovenia
87%
Albania
83%
Costa Rica
83%
Indonesia
83%
Latvia
83%
Lithuania
83%
North Korea
83%
Romania
83%
Russia
83%
South Korea
83%
Austria
78%
Bosnia Herzegovina
78%
Bulgaria
78%
Estonia
78%
Guatemala
78%
Libya
78%
Panama
78%
Syria
78%
Venezuela
78%
Andorra
74%
Argentina
74%
Armenia
74%
Croatia
74%
Cuba
74%
Malta
74%
Mongolia
74%
Nicaragua
74%
Serbia
74%
Zambia
74%
Angola
70%
Antigua and Barbuda
70%
Colombia
70%
Dominica
70%
Georgia
70%
Saudi Arabia
70%
South Africa
70%
Namibia
65%
Nigeria
65%
Tonga
65%
Bolivia
61%
Cambodia
61%
Guinea
61%
Guyana
61%
Jamaica
61%
Somalia
61%
Sri Lanka
61%
Tanzania
61%
Tunisia
61%
Botswana
57%
Ethiopia
57%
Gambia
57%
Ghana
57%
Malaysia
57%
Samoa
57%
Equatorial Guinea
52%
Grenada
52%
Liberia
52%
Macedonia
52%
Micronesia
52%
Moldova
52%
Papua New Guinea
52%
Mauritania
48%
Rwanda
48%
Eritrea
43%
Uganda
43%
Kenya
39%
Saint Lucia
39%
No matching quizzes found
Score Distribution
Percent of People with Each Score
Percentile by Number Answered
Your Score History
You have not taken this quiz